00495nam a2200193 a 4500001001300000003000900013005001700022008004100039020001000080082001600090100001700106245002600123260003800149300001000187500003500197505002300232650002900255700001700284nice12345678IN_TiNIC20260116012112.0050524s1870 lona grd 000 0 eng  ac10000a473.21bAND aAndrews, E A aLatin-English Lexicon aLondonbSamson Low, Marstonc1870 a1651p aincludes index and biblioraphy2 aIllustrations, Ack aDictionary-Latin-English1 aAndrews, E A